Statystyki dla Kraje Które Przynajmniej Raz Brały Udział w Mistrzostwach Świata w Piłce Nożnej

Kliknij tutaj aby rozwiązać quiz!

Ogólne statystyki

  • Ten quiz został rozwiązany 23 015 razy
    (22 886 od ostatniego zresetowania)
  • Średni wynik to 50 z 80

Statystyki odpowiedzi

Ilość występówNajlepszy wynikNazwa kraju% Poprawnych
7Trzecie MiejscePolska
98%
20ZwycięzcaBrazylia
97%
18ZwycięzcaNiemcy/Niemcy Zachodnie
96%
16ZwycięzcaArgentyna
95%
14ZwycięzcaFrancja
95%
14ZwycięzcaHiszpania
93%
10Czwarte MiejsceRosja/Związek Radziecki
93%
6Trzecie MiejscePortugalia
90%
18ZwycięzcaWłochy
90%
14ZwycięzcaAnglia
88%
10Trzecie MiejsceStany Zjednoczone
87%
51/8 FinałuJaponia
86%
11WicemistrzSzwecja
86%
10WicemistrzHolandia
84%
12Trzecie MiejsceBelgia
83%
12ZwycięzcaUrugwaj
83%
4WicemistrzChorwacja
82%
15ĆwierćfinałMeksyk
82%
1Faza GrupowaChiny
80%
9WicemistrzCzechy/Czechosłowacja
80%
1Faza GrupowaKanada
80%
1ĆwierćfinałUkraina
80%
9Czwarte MiejsceKorea Południowa
79%
31/8 FinałuNorwegia
78%
41/8 FinałuAustralia
76%
5ĆwierćfinałKolumbia
76%
2Faza GrupowaEgipt
75%
11/8 FinałuSłowacja
75%
9Trzecie MiejsceChile
73%
3ĆwierćfinałIrlandia
72%
4ĆwierćfinałDania
71%
31/8 FinałuGrecja
71%
10ĆwierćfinałSzwajcaria
71%
1ĆwierćfinałSenegal
70%
41/8 FinałuArabia Saudyjska
69%
3Faza GrupowaRepublika Południowej Afryki
69%
7Trzecie MiejsceAustria
68%
41/8 FinałuMaroko
68%
1Faza GrupowaSerbia i Czarnogóra
68%
2Trzecie MiejsceTurcja
67%
4ĆwierćfinałPeru
66%
2Faza GrupowaSłowenia
65%
9WicemistrzWęgry
65%
4Faza GrupowaIran
64%
2ĆwierćfinałyKorea Północna
63%
1Faza GrupowaIslandia
62%
7ĆwierćfinałRumunia
59%
1ĆwierćfinałWalia
59%
4ĆwierćfinałKostaryka
58%
51/8 FinałuNigeria
58%
1Faza GrupowaPanama
58%
8Faza GrupowaSzkocja
58%
2Faza GrupowaNowa Zelandia
57%
31/8 FinałuEkwador
54%
1Faza GrupowaIrak
54%
7Czwarte MiejsceBułgaria
53%
8ĆwierćfinałParagwaj
53%
4Faza GrupowaTunezja
52%
4Faza GrupowaAlgieria
51%
3Faza GrupowaBoliwia
50%
1Faza GrupowaBośnia i Hercegowina
50%
3ĆwierćfinałGhana
48%
7ĆwierćfinałKamerun
48%
3Faza GrupowaHonduras
44%
3Faza GrupowaWybrzeże Kości Słoniowej
43%
1Faza GrupowaIzrael
40%
1ĆwierćfinałKuba
40%
3ĆwierćfinałIrlandia Północna
39%
1Faza GrupowaHolenderskie Indie Wschodnie
33%
1Faza GrupowaHaiti
32%
1Faza GrupowaJamajka
32%
9Czwarte MiejsceJugosławia
31%
1Faza GrupowaZair
24%
1Faza GrupowaZjednoczone Emiraty Arabskie
21%
1Faza GrupowaAngola
20%
2Faza GrupowaSalwador
20%
11/8 FinałuNiemcy Wschodnie
17%
1Faza GrupowaTogo
17%
1Faza GrupowaTrynidad i Tobago
16%
1Faza GrupowaKuwejt
12%

Rozkład punktacji

Percentyl według liczby udzielonych odpowiedzi

Procent ludzi z każdym wynikiem

Twoja historia wyników

Nie rozwiązałeś tego quizu od ostatniego zresetowania